000 00719cab a2200253 4500
001 ABS46038
008 090401t1992 xxu||||| |||| 00| 0 eng d
035 _a(Sirsi) u56495
041 _aeng
100 _aTrotman, P.
245 _aParapet project
260 _c1992
350 _a0
490 _aTraditional Homes
_vApril 1992, 79-80(2)
520 _aFeatures a BRE Advisory Service case study of a flat-roofed extension with a parapet in a late Victorian house. Further reading. Diagrams.
650 _aBRE ADVISORY SERVICE
650 _aBUILDING DEFECTS
650 _aEXTENSION
650 _aFLAT ROOFS
650 _aPARAPETS
690 _aRefurbishment
_96264
942 _n0
948 _c04/03/1997
999 _c34457
_d34457